000
00335nam a2200145Ia 4500
008
221030s9999 xx 000 0 und d
041
_a
English
082
_a
105.23
100
_a
S. Mimoshenko
245
0
_a
Engineering Mechanics
_c
by S. Mimoshenko, D.H. Young
260
_c
0
650
_a
B
700
_a
D.H. Young
942
_c
BK
999
_c
11068
_d
11068